| 000 | 01288nam a2200217Ia 4500 | ||
|---|---|---|---|
| 003 | Ost | ||
| 005 | 20260507075156.0 | ||
| 008 | 260507s9999||||xx |||||||||||||| ||und|| | ||
| 020 | _a1100422977 | ||
| 040 | _cfsecg | ||
| 041 | _aara | ||
| 082 | _a330 | ||
| 100 |
_aقابل، محمد صفوت _eمؤلف |
||
| 245 | 0 |
_aمنظمة التجارة العالمية و تحرير التجارة الدولية / _c محمد صفوت قابل |
|
| 260 |
_aالاسكندرية: _bالدار الجامعية, _c2009 |
||
| 300 |
_a282 صفحة؛ _bإيضاحات ؛ _c24 سم |
||
| 520 | _aتحرير التجارة الدولية و تطور اتفاقيات هذا التحرير ، منظمة التجارة العالمية ، الدول العربية و منظمة التجارة العالمية ، اتفاقيات منظمة التجارة العالمية في مجال السلع ، المؤتمرات الوزارية لمنظمة التجارة العالمية ، نتائج تحرير تجارة السلع ، اتفاقية تحرير تجارة الخدمات ، تحرير الخدمات المالية و حقوق الملكية الفكرية | ||
| 653 | _aالتجارة الدولية | ||
| 653 | _aمنظمة التجارة العالمية | ||
| 942 | _cكتاب | ||
| 999 |
_c43373 _d43373 |
||